000 00295nam a22001337a 4500
008 180116b xxu||||| |||| 00| 0 eng d
020 _a333031695
041 _aeng
080 _a101
100 _a24
101 _aFIL
245 _aPhilosophers in Perspective
_cMabbott, J.D
942 _2udc
_cBK
999 _c40342
_d40342